An introduction to thermogravimetry /

Guardado en:
Autor Principal: Keattch, Cyril Jack.
Otros Autores: Dollimore, D.
Formato: Libro
Idioma:English
Publicado: London ; New York : Heyden, 1975.
Edición:2nd ed., revised and enlarged.
Etiquetas: Agregar Etiqueta
Sin Etiquetas, Sea el primero en etiquetar este registro!
LEADER 00536nam a22001575a 4500
001 EEA.libagro000340
008 130809s1975####nyua##########000#0#eng#d
005 20191115111052.0
245 1 0 |a An introduction to thermogravimetry /  |c [by] C. J. Keattch and D. Dollimore. 
250 |a 2nd ed., revised and enlarged. 
260 |a London ;  |a New York :  |b Heyden,  |c 1975. 
300 |a xi, 164 p. :  |b il. ;  |c 24 cm. 
100 1 |a Keattch, Cyril Jack. 
700 1 |a Dollimore, D. 
082 0 4 |a 541.11 
859 |a AR-BbBCA  |b BIB. AGRONOMIA  |h 541.11  |i K25a2EXTR.  |p 1972/0003